| Поле | Инд. | ПП | Название | Значение |
|---|---|---|---|---|
| Тип записи | a | |||
| Библиографический уровень | m | |||
| 001 | Контрольный номер | b8ce5ef155ed4e43804948bcbe732f9d | ||
| 003 | d1c89796ad4f42968744c0196317ca9c | |||
| 005 | Дата корректировки | 20191227160040.3 | ||
| 008 | Кодируемые данные | s2009 ru |||||||||||000|||rus|d | ||
| 020 | a | ISBN | 978-5-699-36733-7 (в пер.) | |
| c | Цена, тираж | 90-00-Д | ||
| 040 | b | Код языка каталог. | rus | |
| 040 | a | Служба первич. каталог. | ЦГБ г.В.Луки | |
| 041 | 0_ | a | Код языка текста | rus |
| 084 | 2 | Источник индекса | rubbk | |
| a | Индекс другой классификации/Индекс ББК | 65.9(2) | ||
| 090 | a | Полочн. индекс | 65.9(2) | |
| x | Авторский знак | Б 90 | ||
| c | Каталожный индекс | 65.9(2) | ||
| e | Инвентарный номер (DOS) | 856203-Д | ||
| f | Сигла хранения (DOS) | влг-ЦБ | ||
| j | Имя библиотеки | ЦГБ г. В.Луки | ||
| 091 | a | Индекс ББК (DOS) | 65.9(2) | |
| 100 | 1_ | a | Автор | Бузгалин А. В. |
| q | Полное имя | Александр В. | ||
| 245 | 10 | a | Заглавие | Мы пойдем другим путем! От "капитализма Юрского периода" к России будущего |
| c | Ответственность | Александр Бузгалин, Андрей Колганов | ||
| 260 | a | Место издания | Москва | |
| b | Издательство | Яуза : Эксмо | ||
| c | Дата издания | 2009 | ||
| 300 | a | Объем | 382, [1] с. | |
| 650 | 14 | a | Основная рубрика | Экономика - История |
| z | Географическая подрубрика | Россия | ||
| 653 | 1_ | a | Ключевые слова | экономика |
| a | Ключевые слова | история экономики | ||
| 700 | 1_ | a | Другие авторы | Колганов А. |
| q | Полное имя | Андрей | ||
| 990 | t | N записи в КСУ для И/У (DOS) | 74 | |
| f | Даты поступлений (DOS) | III.10 | ||
| b | Заказано (DOS) | ЦБ 856203-Д |